Patrikodyama (Record no. 241508)
[ view plain ]
| 000 -LEADER | |
|---|---|
| fixed length control field | 02962nam a22002297a 4500 |
| 005 - DATE AND TIME OF LATEST TRANSACTION | |
| control field | 20260701162848.0 |
| 008 - FIXED-LENGTH DATA ELEMENTS--GENERAL INFORMATION | |
| fixed length control field | 260616b |||||||| |||| 00| 0 eng d |
| 020 ## - INTERNATIONAL STANDARD BOOK NUMBER | |
| International Standard Book Number | 819308764x |
| 040 ## - CATALOGING SOURCE | |
| Transcribing agency | AL |
| 041 ## - LANGUAGE CODE | |
| Language code of text/sound track or separate title | kan |
| 082 ## - DEWEY DECIMAL CLASSIFICATION NUMBER | |
| Classification number | 079.54K |
| Item number | RAOP |
| 100 ## - MAIN ENTRY--PERSONAL NAME | |
| Personal name | G N Ranganatha Rao |
| 100 ## - MAIN ENTRY--PERSONAL NAME | |
| 9 (RLIN) | 266111 |
| 100 ## - MAIN ENTRY--PERSONAL NAME | |
| Dates associated with a name | ಜಿ ಎನ್ ರಂಗನಾಥರಾವ್ |
| 9 (RLIN) | 265672 |
| 245 ## - TITLE STATEMENT | |
| Title | Patrikodyama |
| Remainder of title | : ಪತ್ರಿಕೋದ್ಯಮ |
| 260 ## - PUBLICATION, DISTRIBUTION, ETC. | |
| Place of publication, distribution, etc. | Bengaluru |
| Name of publisher, distributor, etc. | Kamadhenu Pustaka Bhavana |
| Date of publication, distribution, etc. | 2020 |
| 300 ## - PHYSICAL DESCRIPTION | |
| Extent | 792p |
| Other physical details | PB |
| Dimensions | 22.5x14.5 |
| 365 ## - TRADE PRICE | |
| Source of price type code | Kannada |
| Price type code | AM-000007 |
| Price amount | ₹800.00 |
| Currency code | ₹ |
| Unit of pricing | ₹1000.00 |
| Price note | 20% |
| Price effective from | 11-05-2026 |
| 520 ## - SUMMARY, ETC. | |
| Summary, etc. | ಮುಖ್ಯ ಅಂಶಗಳು:ಐತಿಹಾಸಿಕ ಹಿನ್ನೆಲೆ: ಪತ್ರಿಕೋದ್ಯಮ ಹಾಗೂ ಕನ್ನಡ ಪತ್ರಿಕೋದ್ಯಮ ನಡೆದು ಬಂದ ದಾರಿಯ ಒಂದು ಸಮಗ್ರ ಗೋಷ್ವಾರೆ ನೋಟವನ್ನು ಈ ಕೃತಿಯಲ್ಲಿ ವಿಶ್ಲೇಷಿಸಲಾಗಿದೆ.ಆಧುನಿಕ ತಂತ್ರಜ್ಞಾನದ ಪ್ರಭಾವ: ಪ್ರಸ್ತುತ ಕಾಲಘಟ್ಟದಲ್ಲಿ ಕನ್ನಡ ಪತ್ರಿಕೋದ್ಯಮವು ಕಂಪ್ಯೂಟರ್ ಮತ್ತು ಡಿಜಿಟಲ್ ತಂತ್ರಜ್ಞಾನದ ಯುಗದಲ್ಲಿ ಊಹೆಗೂ ನಿಲುಕದ ವೇಗದಲ್ಲಿ ಜಿದ್ದಾಜಿದ್ದಿಯಾಗಿ ಓಡುತ್ತಿರುವುದನ್ನು ಈ ಪುಸ್ತಕವು ಸೂಕ್ಷ್ಮವಾಗಿ ಚಿತ್ರಿಸುತ್ತದೆ.ಮೂರು ವಿಭಾಗಗಳು (ನೋಟಗಳು): ಈ ಕೃತಿಯು ಮೂರು ಪ್ರಮುಖ ನೋಟಗಳನ್ನು ಒಳಗೊಂಡಿದ್ದು, ಮುದ್ರಣ ಮತ್ತು ಎಲೆಕ್ಟ್ರಾನಿಕ್ ಮಾಧ್ಯಮಗಳ ಒಟ್ಟಾರೆ ಚಿತ್ರಣವನ್ನು ನೀಡುತ್ತದೆ.ತೌಲನಾತ್ಮಕ ಅಧ್ಯಯನ: ಹಳೆಯ ತಲೆಮಾರಿನ ಮೌಲ್ಯಯುತ ಪತ್ರಿಕೋದ್ಯಮ ಹಾಗೂ ವರ್ತಮಾನದ ವಾಣಿಜ್ಯೀಕರಣಗೊಂಡ ಕಾರ್ಪೊರೇಟ್ ಸ್ವರೂಪದ ಪತ್ರಿಕೋದ್ಯಮವನ್ನು ಲೇಖಕರು ಇಲ್ಲಿ ತೌಲನಾತ್ಮಕವಾಗಿ ಅಧ್ಯಯನ ನಡೆಸಿದ್ದಾರೆ. ವಿಶೇಷವಾಗಿ ಇತ್ತೀಚಿನ ದಿನಗಳಲ್ಲಿ ಕನ್ನಡ ಪತ್ರಿಕೋದ್ಯಮದ ವೃತ್ತಿಪರತೆ ಮತ್ತು ಗುಣಮಟ್ಟ ಕುಸಿಯುತ್ತಿರುವುದರ ಕುರಿತು ಆಳವಾದ ಆತಂಕ ಹಾಗೂ ವಿಶ್ಲೇಷಣೆಯನ್ನು ವ್ಯಕ್ತಪಡಿಸಿದ್ದಾರೆ. |
| 650 ## - SUBJECT ADDED ENTRY--TOPICAL TERM | |
| Topical term or geographic name entry element | Journalism |
| 9 (RLIN) | 265673 |
| 650 ## - SUBJECT ADDED ENTRY--TOPICAL TERM | |
| Topical term or geographic name entry element | ಪುನರ್ ಪರಿಷ್ಕ್ರಿತ ಸಮಗ್ರ ಸಂಪುಟ |
| 9 (RLIN) | 266112 |
| 942 ## - ADDED ENTRY ELEMENTS (KOHA) | |
| Source of classification or shelving scheme | Dewey Decimal Classification |
| Koha item type | Book |
| Withdrawn status | Lost status | Source of classification or shelving scheme | Damaged status | Not for loan | Collection code | Home library | Current library | Shelving location | Date acquired | Source of acquisition | Cost, normal purchase price | Total Checkouts | Full call number | Barcode | Date last seen | Cost, replacement price | Price effective from | Koha item type |
|---|---|---|---|---|---|---|---|---|---|---|---|---|---|---|---|---|---|---|
| Dewey Decimal Classification | Kannada | St Aloysius Library | St Aloysius Library | Stack Section | 05/19/2026 | Navakarnataka Publications Pvt Ltd Mangaluru-575001 | 800.00 | 079.54K RAOP | 078209 | 06/16/2026 | 1000.00 | 05/11/2026 | Book |